| 000 | 00641nam a2200229 a 4500 | ||
|---|---|---|---|
| 001 | 13813 | ||
| 003 | BD-JhCC | ||
| 005 | 20240416073909.0 | ||
| 008 | 240415b20172023bg |||| ||a| 000 0 ben d | ||
| 020 | _a9789849168249 | ||
| 035 | _a(BD-JhCC)13813 | ||
| 040 |
_aBD-JhCC _dBD-JhCC |
||
| 041 | _aBengali | ||
| 082 |
_a158.1 _bKAM 2023 |
||
| 100 | _a Kamdar,Abu Muyabiya Ismail | ||
| 245 |
_aSelf Confidence / _cAbu Muyabiya Ismail Kamdar. |
||
| 260 |
_aঢাকা: _bসিয়ান প্রকাশনী; _c2023. |
||
| 300 |
_a152 p. : _c22 cm. |
||
| 650 | _a Self-development and Motivation | ||
| 942 |
_2ddc _cBK |
||
| 999 |
_c13813 _d13813 |
||